Biggest Cities in Europe Starting with D - Statistics

General Stats
  • This quiz has been taken 119 times
  • The average score is 6 of 12
Answer Stats
Population Country Answer % Correct
482,000 Ireland Dublin
91%
569,000 Germany Dusseldorf
87%
477,000 Germany Dresden
75%
590,000 Germany Dortmund
60%
1,050,000 Ukraine Donetsk
59%
1,108,000 Ukraine Dnepropetrovsk
44%
520,000 Germany Duisburg
44%
150,000 United Kingdom Dundee
42%
233,000 United Kingdom Derby
29%
292,000 United Kingdom Doncaster
24%
204,000 Hungary Debrecen
21%
278,000 Russia Dzerzhinsk
3%
No matching quizzes found
Score Distribution
Percent of People with Each Score
Percentile by Number Answered
Your Score History
You have not taken this quiz